• 首页
  • 本馆介绍
  • 公告通知
  • 最新文献
  • 馆藏检索
  • 电子资源
  • 读者导购
  • 参考咨询
  • 我的图书馆
  • 登录
  • 详细信息显示
  • 放入我的书架
  • 预约/预借图书
  • 作者相关作品
  • 分类相关作品
  • 丛书相关作品
  • 出版社相关作品

书目信息

  • 表格格式
  • 工作单格式
  • 卡片格式
题名:
梦笤璦专著二种
    
 
作者: 钱仲联 著
分册:  
出版信息: 北京   中国社会科学出版社  1984
页数: 245页
开本: 20cm
丛书名:
单 册:
中图分类: I207.22 , I207.2
科图分类:
主题词: 文学--中国
电子资源:
ISBN:
000 00694nam0 2200265 45
001 0184006897
005 20040423111421.3
010    @dCNY0.93
091    @a10190.158
100    @a19960215d1984 emky0chiy0121 ea
101 0  @achi
102    @aCN@b110000
105    @ay z 000zy
106    @ar
200 10 @a梦笤璦专著二种@Ameng tiao an zhuan zhu er zhong@f钱仲联著
210    @a北京@c中国社会科学出版社@d1984
215    @a245页@d20cm
600  0 @a李贺@x唐诗@x文学研究
600  0 @a吴伟业@x唐诗@x文学研究
606 0  @a文学@x中国
690    @aI207.22@v3
690    @aI207.2
701  0 @a钱仲联@Aqian zhong lian@4著
801  0 @aCN@bNLC@c20040423
905    @f1@b131695@dI207.2@e66
    
    梦笤璦专著二种/钱仲联著.-北京:中国社会科学出版社,1984
    245页;20cm
    
    
    ISBN :CNY0.93
    
●
相关链接 在E读中查询图书 在五车中查询图书 在当当中查询图书 在豆瓣中查询图书


正题名:梦笤璦专著二种     索取号:I207.2/66         预约/预借

序号 登录号 条形码 馆藏地/架位号 状态 备注
1 0131695   000666050   密集书库/ [索取号:I207.2/66] 在馆    
唐山师范学院图书馆 欢迎您!
大连网信软件有限公司© 版权所有